000 00423nam a2200157Ia 4500
008 210716s2006 xx 000 0 und d
020 _a8131403483
041 _aeng
082 _a658.802 BANR
100 _aBanda, Ravi Kumar Jain; Prabhakar, Rajesh K.
245 _aPhishing: an introduction.
_bIntroduction.
250 _a1
260 _aHyderabad
_bICFAI University Press
_c2006
300 _axi,184
650 _aNone
999 _c202408
_d202408